Music Acts - S - Statistics

General Stats
  • This quiz has been taken 26 times
  • The average score is 5 of 15
Answer Stats
Hint Answer % Correct
Goldfinger, Never Never Never, Something Shirley Bassey
71%
How Soon Is Now, Panic, This Charming Man Smiths
58%
Please Please Please, Feather, Espresso Sabrina Carpenter
54%
Down Down, I The Army Now, Marguerita Time Status Quo
46%
Nothing's Gonna Stop Me Now, Love House, Touch Me (I Want Your Body) Samantha Fox
42%
No More Heroes, Skin Deep, Golden Brown Stranglers
42%
Marie Marie, Oh Julie, Shirley Shakin' Stevens
33%
Gudbuy To Jane, Far Far Away, Run Runaway Slade
33%
Thinking Of You, Frankie, Lost In MUsic Sister Sledge
29%
Being With You, Just My Soul Responding, Just To See Her Smokey Robinson
29%
Little Willy, Hellraiser, Wig Wam Bam Sweet
29%
It's Your Life, Mexican Girl, Don't Play Your Rock 'N' Roll To Me Smokie
25%
Bedsitter, Torch, What Soft Cell
17%
A Night To Remember, Dead Giveaway, There it Is Shalamar
13%
Night Birds, Down On The Street, Easier Said Than Done Shakatak
4%
No matching quizzes found
Score Distribution
Percent of People with Each Score
Percentile by Number Answered
Your Score History
You have not taken this quiz